| 000 | 00440cam a2200145 i 4500 | ||
|---|---|---|---|
| 040 | _c305 JFG 1979 C148 Or. | ||
| 082 | 0 | _a305 JFG 1979 C148 Or. | |
| 100 | 1 | _aMcCann, James | |
| 245 | 1 | 2 | _aA study of the Jewish community in the Greater Seattle area / |
| 260 |
_aSeattle, Wash. : _bJewish Federation of Greater Seattle, _cc1979. |
||
| 300 |
_aviii, 84 p. : _bmap ; _c23 cm. |
||
| 650 | 0 | _aJews | |
| 700 | 1 | _aFriedman, Debra, | |
| 942 | _cAEDBB | ||
| 999 |
_c18577 _d18577 |
||